000 00799cam a2200265 i 4500
001 000008879
003 DO-SdBNP
005 20240610153737.0
007 ta
008 920417s1989 cu 000 f spa d
040 _aDO-SdBNP
_bspa
_cBNPHU
_erda
049 _aBNGR
082 4 _aCu863.4
_bC297si
_222
100 1 _aCarpentier, Alejo,
_d1904-1980.
_98634
_eautor
245 1 3 _aEl siglo de las luces /
_cAlejo Carpentier.
264 _aLa Habana, Cuba :
_bCasa de las Américas,
_cc1989.
300 _a465 páginas ;
_c19 cm.
336 _2rdacontent
_atexto
_btxt
337 _2rdamedia
_asin mediación
_bn
338 _2rdacarrier
_avolumen
_bnc
490 _aLiteratura latinoamericana
_v125
650 4 _aNovela cubana
_92316
650 4 _aLiteratura cubana
_ySiglo XX
_99186
942 _2ddc
_cLBS1
999 _c8648
_d8648